Giáo trình hát hợp xướng Dành cho bậc Trung I/IV & II/IV T1

Tên sách ngoài bìa: Giáo trình hợp xướng; TM tài liệu tham khảo tr.224; Giới thiệu các tác phẩm viết cho hợp xướng chuyên nghiệp gồm các thể loại Acapella và có phần đệm piano từ đơn giản đến phức tạp của các tác giả Việt Nam và quốc tê...

Descripción completa

Guardado en:
Detalles Bibliográficos
Autor principal: Hoàng, Điệp
Otros Autores: Bình Trang
Formato: Libro
Lenguaje:Undetermined
Publicado: Tp. HCM Âm nhaÌ£c 2012
Materias:
Acceso en línea:http://lrc.tdmu.edu.vn/opac/search/detail.asp?aID=2&ID=41648
Etiquetas: Agregar Etiqueta
Sin Etiquetas, Sea el primero en etiquetar este registro!
Thư viện lưu trữ: Trung tâm Học liệu Trường Đại học Thủ Dầu Một
LEADER 01354nam a2200241Ia 4500
001 TDMU_41648
008 210410s9999 xx 000 0 und d
082 |a 915.9779 
090 |b H407 
100 |a Hoàng, Điệp 
245 0 |a Giáo trình hát hợp xướng 
245 0 |b Dành cho bậc Trung I/IV & II/IV 
245 0 |c Hoàng Điệp chủ biên...[và những người khác] 
245 0 |p T1 
260 |a Tp. HCM 
260 |b Âm nhaÌ£c 
260 |c 2012 
300 |a 227tr. 
520 |a Tên sách ngoài bìa: Giáo trình hợp xướng; TM tài liệu tham khảo tr.224; Giới thiệu các tác phẩm viết cho hợp xướng chuyên nghiệp gồm các thể loại Acapella và có phần đệm piano từ đơn giản đến phức tạp của các tác giả Việt Nam và quốc tế. Hướng dẫn học sinh các kỹ năng về hát hợp xướng nhiều bè, quy định và cách sắp xếp vị trí các bè của hợp xướng trên sân khấu 
650 |a Âm nhạc  |x Hợp xướng  |v Giáo trình 
700 |a Bình Trang 
856 |u http://lrc.tdmu.edu.vn/opac/search/detail.asp?aID=2&ID=41648 
980 |a Trung tâm Học liệu Trường Đại học Thủ Dầu Một